000 00702nam a2200253 a 4500
008
020 _a0135518059 (cased)
049 _aMAIN
090 _aHD31 ROB
100 1 _aRobbins, Stephen P.
245 1 0 _aManagement/
_cStephen P. Robbins and Mary Coutler.
260 _aNew Delhi :
_bPrentice-Hall
_c2005
300 _a8th ed.
300 _axxviii, 6080 p.
_bill. ;
_c26cm
504 _aIncludes bibliographical references.
500 _aIncludes index.
650 _aManagement.
700 _aCoutler, Mary.
907 _a.b10205615
_b04-10-11
_c15-06-06
003
005 20230123134221.0
040 _cNUST
942 _cBOOKS
_kHD31 ROB
999 _c162055
_d162055